000 00543 a2200193 4500
005 20241210074118.0
020 _a0000
050 _aBP161
_bLAM 2014
100 _aLambat Romaana
245 _aA guide to the truth of Islam /
_cRomaana Lambat
264 _aNew Delhi:
_bRabbani printers.,
_c2014
300 _a96 pages
336 _2rdacontent
_atext
_btxt
337 _2rdamedia
_aunmediated
_bn
338 _2rdacarrier
_avolume
_bnc
500 _ait does not include index and bibliography
650 _aIslam
942 _2lcc
_cBK
_h161
_iLAM
_kBP
999 _c369
_d369